000 00809nam a22001937a 4500
003 OSt
005 20250911174302.0
008 240207b ||||| |||| 00| 0 eng d
040 _c0
082 _aDPer 621.381 In821 April 2022 v. 37 n. 4
100 _aWang, Yu.
_eauthor.
_951668
245 _aAdaptive fuzzy-neural-network power decoupling strategy for virtual synchronous generator in micro-grid /
_cYu Wang and Rong-Jong Wai.
260 _aNew York ;
_bThe Institute of Electrical and Electronics Engineers, Inc. ,
_cApril 2022.
300 _aVolume 37, pages 3878-3891 :
_billustration ;
_c28 cm.
500 _aIEEE Transaction on Power Electronics, vol. 37, no. 4, pages 3878-3891, April 2022.
700 _aWang, Yu.
_eauthor.
_951668
700 _aWai, Rong-Jong.
_eauthor.
_951669
942 _2ddc
_cPER
999 _c18964
_d18964